The Definitive Gilmore Girls Quiz #1 - Statistics

General Stats
  • This quiz has been taken 70 times
  • The average score is 8 of 15
Answer Stats
Hint Answer % Correct
What kind of shop did Luke's Diner used to be? Hardware
90%
What does Jess steal from Babette's garden? A Gnome
83%
What is Lane's band called? Hep Alien
75%
What does Lorelai break at the Dance Marathon? A shoe
68%
Which pop star is Michel Gerard obsessed with? Céline Dion
67%
What alternative cooking method does Jackson use on Thanksgiving that upsets Sookie? Deep Frying
60%
When Lorelai misses the Gilmore Christmas dinner, what dessert is she sad to miss out on? Apple tarts
58%
On the double date with Sookie and Jackson, who is Lorelai's date? Rune
58%
What is the name of Paris Geller's first boyfriend? Jamie
57%
What does Logan steal at the Gilmore household? Sewing box
53%
Luke and Lorelai help out with the Stars Hollow Elementary School play, what's the play? Fiddler on the Roof
52%
Where does Max Medina go to teach after Chilton? Stanford
33%
When Logan and Rory break into the Yale dining hall, what cereal does she take? Cocoa puffs
30%
When Luke chaperones April on her school trip, what present from the Amish country does he get Lorelai? A Doll
27%
When Rory visits New York, what band is on the vinyl she buys for Lorelai? The Go Go's
18%
No matching quizzes found
Score Distribution
Percent of People with Each Score
Percentile by Number Answered
Your Score History
You have not taken this quiz